[Event "Solingen Karneval op"]
[Site "Solingen"]
[Date "2017.02.26"]
[Round "4"]
[White "Boschek, Hans Joachim"]
[Black "Gawlick, Matthias"]
[Result "1/2-1/2"]
[WhiteElo "1946"]
[BlackElo "1645"]
[PlyCount "44"]
[EventDate "2017.02.24"]
[EventType "swiss"]
[EventRounds "5"]
[EventCountry "GER"]
[SourceTitle "EXT 2018"]
[Source "ChessBase"]
[SourceDate "2017.10.13"]
[SourceVersion "1"]
[SourceVersionDate "2017.10.13"]
[SourceQuality "1"]

1. c4 c5 2. Nc3 Nc6 3. Nf3 Nf6 4. g3 g6 5. Bg2 Bg7 6. a3 a6 7. Rb1 d6 8. 0-0 Bf5 9. d3 Rb8 10. h3 0-0 11. Bd2 Qc8 12. Kh2 Nd7 13. g4 Be6 14. Ng5 b5 15. cxb5 axb5 16. Nxe6 fxe6 17. e3 b4 18. axb4 Nxb4 19. Qe2 Qa6 20. Rfd1 Qxd3 21. Qe1 Qa6 22. Ne4 d5 1/2-1/2

[Event "Solingen Karneval op"]
[Site "Solingen"]
[Date "2017.02.26"]
[Round "5"]
[White "Gawlick, Matthias"]
[Black "Hanke, Stefan"]
[Result "0-1"]
[WhiteElo "1645"]
[BlackElo "1924"]
[PlyCount "56"]
[EventDate "2017.02.24"]
[EventType "swiss"]
[EventRounds "5"]
[EventCountry "GER"]
[SourceTitle "EXT 2018"]
[Source "ChessBase"]
[SourceDate "2017.10.13"]
[SourceVersion "1"]
[SourceVersionDate "2017.10.13"]
[SourceQuality "1"]

1. d4 Nf6 2. Nf3 d5 3. g3 c6 4. Bg2 Bf5 5. b3 h6 6. Bb2 e6 7. 0-0 Be7 8. Nbd2 0-0 9. c4 a5 10. a3 Na6 11. Ne5 Bd6 12. Nd3 Bxd3 13. exd3 b5 14. c5 Bb8 15. Qe2 Re8 16. f4 Ra7 17. Rae1 Rae7 18. Nf3 Bc7 19. Qd2 Nd7 20. Re2 b4 21. a4 Nab8 22. Rfe1 Nf8 23. Bh3 Nbd7 24. Qe3 Ng6 25. Qf2 Bxf4 26. Nh4 Nxh4 27. Qxf4 Ng6 28. Qf3 Nf6 0-1

[Event "Solingen Karneval op"]
[Site "Solingen"]
[Date "2017.02.25"]
[Round "3"]
[White "Gawlick, Matthias"]
[Black "Biessner, Eberhard"]
[Result "1/2-1/2"]
[WhiteElo "1645"]
[BlackElo "1833"]
[PlyCount "119"]
[EventDate "2017.02.24"]
[EventType "swiss"]
[EventRounds "5"]
[EventCountry "GER"]
[SourceTitle "EXT 2018"]
[Source "ChessBase"]
[SourceDate "2017.10.13"]
[SourceVersion "1"]
[SourceVersionDate "2017.10.13"]
[SourceQuality "1"]

1. d4 Nf6 2. Nf3 e6 3. g3 c5 4. e3 b6 5. Bg2 Bb7 6. 0-0 Be7 7. b3 Nc6 8. Bb2 0-0 9. Nbd2 d5 10. c4 Rc8 11. Rc1 Nb4 12. Ra1 a5 13. Ne5 Nd7 14. Ndf3 f6 15. Nxd7 Qxd7 16. a3 Na6 17. Nd2 Bd6 18. Qg4 Qf7 19. cxd5 exd5 20. Bh3 Rce8 21. Qd7 Qxd7 22. Bxd7 Re7 23. Bf5 g6 24. Bd3 f5 25. h4 Rc7 26. Rac1 Rfc8 27. Rc2 a4 28. Bxa6 Bxa6 29. Rfc1 axb3 30. Nxb3 c4 31. Nd2 c3 32. Rxc3 Rxc3 33. Rxc3 Rxc3 34. Bxc3 Bxa3 35. Nb1 Bd6 36. Kg2 b5 37. Kf3 b4 38. Bb2 Bd3 39. Nd2 Bc2 40. Ke2 Kf7 41. Nf3 Ba4 42. Ng5+ Kg8 43. Nf3 Kf8 44. Kd3 Bc7 45. Ng5 Ke7 46. Nxh7 Kd6 47. Nf8 Be8 48. Kc2 Ke7 49. Nh7 Ba4+ 50. Kd3 Ba5 51. Ng5 Bb3 52. Nf3 Bc4+ 53. Kc2 b3+ 54. Kd1 Bd3 55. Ne5 Bc2+ 56. Ke2 Kf6 57. Nd7+ Kg7 58. Kf3 Kh6 59. Nc5 Kh5 60. Kg2 1/2-1/2

[Event "Solingen Karneval op"]
[Site "Solingen"]
[Date "2017.02.24"]
[Round "1"]
[White "Gawlick, Matthias"]
[Black "Harringer, Manfred"]
[Result "1/2-1/2"]
[WhiteElo "1645"]
[BlackElo "2004"]
[PlyCount "84"]
[EventDate "2017.02.24"]
[EventType "swiss"]
[EventRounds "5"]
[EventCountry "GER"]
[SourceTitle "EXT 2018"]
[Source "ChessBase"]
[SourceDate "2017.10.13"]
[SourceVersion "1"]
[SourceVersionDate "2017.10.13"]
[SourceQuality "1"]

1. d4 d5 2. Nf3 Nf6 3. g3 e6 4. Bg2 Be7 5. 0-0 0-0 6. b3 b6 7. Bb2 Bb7 8. Nbd2 c5 9. e3 Nbd7 10. c4 dxc4 11. Nxc4 b5 12. Nce5 Nxe5 13. Nxe5 Bxg2 14. Kxg2 Qb6 15. Rc1 Rac8 16. Qe2 Rc7 17. Rc2 cxd4 18. Bxd4 Qb7+ 19. f3 Rxc2 20. Qxc2 Rc8 21. Qb2 Qc7 22. Rf2 a6 23. e4 Ne8 24. Rd2 Bb4 25. Re2 Bc3 26. Bxc3 Qxc3 27. Qxc3 Rxc3 28. Kf2 f6 29. Ng4 Kf8 30. Ne3 Ke7 31. Rc2 Rxc2+ 32. Nxc2 Kd6 33. Ke3 Kc5 34. Kd3 Nc7 35. b4+ Kd6 36. h4 g6 37. Ne3 Ne8 38. Kd4 f5 39. e5+ Kc6 40. Ng2 Ng7 41. Nf4 Kb6 42. Kc3 Kc6 1/2-1/2